• 首页
  • 本馆介绍
  • 公告通知
  • 最新文献
  • 馆藏检索
  • 电子资源
  • 读者导购
  • 参考咨询
  • 我的图书馆
  • 登录
  • 详细信息显示
  • 放入我的书架
  • 预约/预借图书
  • 作者相关作品
  • 分类相关作品
  • 丛书相关作品
  • 出版社相关作品

书目信息

  • 表格格式
  • 工作单格式
  • 卡片格式
题名:
速记
    
 
作者: 唐亚伟 , 范立荣 编著
分册:  
出版信息: 北京   北京出版社  1981.10
页数: 167页
开本: 19cm
丛书名:
单 册:
中图分类: H126.1
科图分类:
主题词: 汉字--文字学
电子资源:
ISBN:
000 00686nam0 2200241 45
001 0311240819
005 20060819153735.23
010    @dCNY0.50
091    @a7071.751
100    @a20031124d1981 km y0chiy0120 ea
101 0  @achi
105    @aa z 000yy
200 1  @a速记@ASu Ji@e自学教程@EZi Xue Jiao Cheng@f唐亚伟,范立荣编著@FTang Ya Wei,Fan Li Rong Bian Zhu
210    @a北京@c北京出版社@d1981.10
215    @a167页@c图表@d19cm
300    @a书后附音节符号总表
517    @a自学教程@AZi Xue Jiao Cheng
606 0  @a汉字@x文字学
690    @aH126.1@v3
701  0 @a唐亚伟@4编著
701  0 @a范立荣@4编著
801    @aCN@bTSTC@c20060819
905    @f2@b54151-152@dH126.1@e4
    
    速记:自学教程/唐亚伟,范立荣编著.-北京:北京出版社,1981.10
    167页:图表;19cm
    书后附音节符号总表
    
    ISBN :CNY0.50
    
●
相关链接 在E读中查询图书 在五车中查询图书 在当当中查询图书 在豆瓣中查询图书


正题名:速记     索取号:H126.1/4         预约/预借

序号 登录号 条形码 馆藏地/架位号 状态 备注
1 0054151   000833236   密集书库/ [索取号:H126.1/4] 在馆    
2 0054152   001525656   密集书库/ [索取号:H126.1/4] 在馆    
3 0435807   204358079   密集书库/ [索取号:H126.1/4] 在馆    
4 0435808   204358088   密集书库/ [索取号:H126.1/4] 在馆    
5 0444560   204445608   密集书库/ [索取号:H126.1/4] 在馆    
6 0447802   204478029   密集书库/ [索取号:H126.1/4] 在馆    
7 0450782   204507827   密集书库/ [索取号:H126.1/4] 在馆    
8 0450783   204507836   密集书库/ [索取号:H126.1/4] 在馆    
9 0450784   204507845   密集书库/ [索取号:H126.1/4] 在馆    
10 0462662   204626627   密集书库/ [索取号:H126.1/4] 在馆    
11 0466938   204669386   密集书库/ [索取号:H126.1/4] 在馆    
唐山师范学院图书馆 欢迎您!
大连网信软件有限公司© 版权所有